000 00318nam a2200121Ia 4500
008 241028s9999 xx 000 0 und d
041 _aeng
082 _a658.421 BAT
100 _aBatra
245 _aEntrepreneurship: New Venture Management
260 _bCengage Learning India
_aDehli
_c2023
300 _a160;. P. 24 cm
999 _c42976
_d42976